000 00330 a2200157 4500
001 47280
020 _a8516017834
040 _cAnchieta - Aquarius
100 _aBoccanera, Silio
240 1 0 _a=Jogo duplo
_lpor
245 1 0 _a=Jogo duplo
300 _a221p.
362 0 _a2014
650 4 _aLiteratura brasileira
942 _cBK
999 _c47280
_d47280